Sports Quiz

Random Sports Quiz

Raven PPV Opponents Quiz Stats

Quiz not verified by Sporcle

Challenge
Share
Tweet
Embed
Score 0/167 Timer 15:00
0 Plays Today
PPV Opponent % Correct
NWA TNA Weekly PPV #35 2003AJ Styles
90.4%
NWA TNA Weekly PPV #36 2003AJ Styles
90.4%
NWA TNA Weekly PPV #48 2003AJ Styles
90.4%
NWA TNA Weekly PPV #59 2003AJ Styles
90.4%
NWA TNA Weekly PPV #60 2003AJ Styles
90.4%
NWA TNA Weekly PPV #87 2004AJ Styles
90.4%
NWA TNA Weekly PPV #92 2004AJ Styles
90.4%
NWA TNA Weekly PPV #94 2004AJ Styles
90.4%
NWA TNA Weekly PPV #96 2004AJ Styles
90.4%
TNA Slammiversary 2005AJ Styles
90.4%
TNA No Surrender 2007 (Winner)AJ Styles
90.4%
TNA Bound for Glory 2010AJ Styles
90.4%
TNA Turning Point 2010AJ Styles
90.4%
WCW Uncensored 1999Hak
89.6%
NWA TNA Weekly PPV #31 2003The Sandman
89.6%
NWA TNA Weekly PPV #32 2003The Sandman
89.6%
NWA TNA Weekly PPV #34 2003The Sandman
89.6%
NWA TNA Weekly PPV #42 2003Jeff Jarrett
88.7%
NWA TNA Weekly PPV #48 2003Jeff Jarrett
88.7%
NWA TNA Weekly PPV #96 2004Jeff Jarrett
88.7%
TNA Sacrifice 2005Jeff Jarrett
88.7%
TNA Hardcore Justice 2010Tommy Dreamer
87.8%
WCW Bash At The Beach 1998Perry Saturn
87%
WCW Road Wild 1998Perry Saturn
87%
WCW Fall Brawl 1998Perry Saturn
87%
WWF No Way Out 2001Big Show
87%
WWF WrestleMania X-Seven 2001Big Show
87%
WWF Unforgiven 2001Perry Saturn
87%
NWA TNA Weekly PPV #91 2004James Storm
87%
TNA Bound for Glory 2010James Storm
87%
TNA Turning Point 2010James Storm
87%
ECW November To Remember 1999Lance Storm
86.1%
ECW Guilty As Charged 2000Lance Storm
86.1%
ECW Living Dangerously 2000Lance Storm
86.1%
WWF WrestleMania X-Seven 2001Kane
86.1%
NWA TNA Weekly PPV #58 2003Abyss
86.1%
NWA TNA Weekly PPV #72 2003Abyss
86.1%
NWA TNA Weekly PPV #73 2003Abyss
86.1%
NWA TNA Weekly PPV #74 2003Abyss
86.1%
NWA TNA Weekly PPV #87 2004Abyss
86.1%
TNA Victory Road 2004Abyss
86.1%
TNA Slammiversary 2005Abyss
86.1%
TNA No Surrender 2005Abyss
86.1%
TNA No Surrender 2006Abyss
86.1%
TNA Bound For Glory 2006Abyss
86.1%
TNA Bound for Glory 2007Abyss
86.1%
TNA Slammiversary 2009Abyss
86.1%
TNA Final Resolution 2009Abyss
86.1%
WCW Souled Out 1998Chris Benoit
85.2%
WCW Uncensored 1998Chris Benoit
85.2%
WCW Uncensored 1998Diamond Dallas Page
85.2%
WCW Spring Stampede 1998Diamond Dallas Page
85.2%
WCW Slamboree 1998Diamond Dallas Page
85.2%
WCW Spring Stampede 1999Chris Benoit
85.2%
WCW Slamboree 1999Chris Benoit
85.2%
TNA Turning Point 2004Diamond Dallas Page
85.2%
PPV Opponent % Correct
TNA No Surrender 2006Brother Runt
85.2%
TNA Bound For Glory 2006Brother Runt
85.2%
ECW November To Remember 1999Rhino
84.3%
WWF Backlash 2001Rhyno
84.3%
TNA Sacrifice 2005Rhino
84.3%
TNA Unbreakable 2005Rhino
84.3%
TNA Bound for Glory 2007Rhino
84.3%
JCW Legends & Icons 2011Rhino
84.3%
WWF No Mercy 2000Bubba Ray Dudley
83.5%
WWF No Mercy 2000D-Von Dudley
83.5%
NWA TNA Weekly PPV #105 2004Sabu
83.5%
JCW Legends & Icons 2011Sabu
83.5%
TNA Lockdown 2005Jeff Hardy
82.6%
WWF Royal Rumble 2001 (Winner)Steve Austin
81.7%
ECW Barely Legal 1997Terry Funk
80.9%
ECW November To Remember 1999Justin Credible
80.9%
ECW Guilty As Charged 2000Justin Credible
80.9%
ECW Living Dangerously 2000Justin Credible
80.9%
WWF Survivor Series 2001 (Winner)Test
80.9%
NWA TNA Weekly PPV #58 2003Christopher Daniels
80.9%
NWA TNA Weekly PPV #60 2003Christopher Daniels
80.9%
TNA Genesis 2005Justin Credible
80.9%
WCW Spring Stampede 1999Dean Malenko
80%
WCW Slamboree 1999Dean Malenko
80%
NWA TNA Weekly PPV #50 2003Shane Douglas
80%
NWA TNA Weekly PPV #54 2003Shane Douglas
80%
NWA TNA Weekly PPV #55 2003Shane Douglas
80%
NWA TNA Weekly PPV #57 2003Shane Douglas
80%
NWA TNA Weekly PPV #58 2003Shane Douglas
80%
NWA TNA Weekly PPV #60 2003Shane Douglas
80%
NWA TNA Weekly PPV #61 2003Shane Douglas
80%
NWA TNA Weekly PPV #62 2003Shane Douglas
80%
JCW Legends & Icons 2011Shane Douglas
80%
TNA Victory Road 2004Monty Brown
76.5%
TNA Slammiversary 2005Monty Brown
76.5%
WCW Halloween Havoc 1998Chris Jericho
75.7%
TNA Turning Point 2007Black Reign
73.9%
NWA TNA Weekly PPV #40 2003D'Lo Brown
73%
TNA Bound For Glory 2006Samoa Joe
73%
TNA Hard Justice 2007Kaz
73%
TNA Turning Point 2010Robert Roode
73%
TNA Bound for Glory 2010Kaz
73%
TNA Bound for Glory 2010Robert Roode
73%
TNA Turning Point 2010Kaz
73%
WCW Beach Blast 1992Brian Pillman
71.3%
WCW Uncensored 1999Bam Bam Bigelow
71.3%
TNA Hard Justice 2005Sean Waltman
71.3%
TNA Slammiversary 2005Sean Waltman
71.3%
TNA Final Resolution 2006Sean Waltman
71.3%
NWA TNA Weekly PPV #89 2004Chris Harris
70.4%
NWA TNA Weekly PPV #94 2004Chris Harris
70.4%
NWA TNA Weekly PPV #96 2004Chris Harris
70.4%
WCW Slamboree 1999Billy Kidman
68.7%
TNA Against All Odds 2005Dustin Rhodes
68.7%
TNA Destination X 2005Dustin Rhodes
68.7%
TNA Bound for Glory 2007Black Reign
68.7%
PPV Opponent % Correct
TNA Final Resolution 2009Mick Foley
68.7%
WWF No Mercy 2000Grandmaster Sexay
65.2%
TNA Turning Point 2005Chris K
65.2%
NWA TNA Weekly PPV #87 2004Ron Killings
63.5%
NWA TNA Weekly PPV #94 2004Ron Killings
63.5%
NWA TNA Weekly PPV #96 2004Ron Killings
63.5%
NWA TNA Weekly PPV #81 2004CM Punk
62.6%
NWA TNA Weekly PPV #82 2004CM Punk
62.6%
WCW World War 3 1997Scotty Riggs
60.9%
WWF InVasion 2001William Regal
60.9%
WCW Slamboree 1999Rey Mysterio
59.1%
WWF No Mercy 2000Scotty Too Hotty
58.3%
TNA Turning Point 2010Douglas Williams
55.7%
NWA TNA Weekly PPV #33 2003Julio Dinero
52.2%
NWA TNA Weekly PPV #81 2004Julio Dinero
52.2%
NWA TNA Weekly PPV #82 2004Julio Dinero
52.2%
JCW Legends & Icons 2011Balls Mahoney
50.4%
TNA Bound for Glory 2010Matt Morgan
49.6%
ECW Anarchy Rulz 1999Steve Corino
46.1%
NWA TNA Weekly PPV #32 2003Steve Corino
46.1%
TNA No Surrender 2007 (Winner)Tomko
46.1%
JCW Legends & Icons 2011Al Snow
44.3%
NWA TNA Weekly PPV #67 2003Vampiro
42.6%
NWA TNA Weekly PPV #54 2003Brian Lee
41.7%
NWA TNA Weekly PPV #55 2003Brian Lee
41.7%
NWA TNA Weekly PPV #54 2003Slash
39.1%
NWA TNA Weekly PPV #55 2003Slash
39.1%
NWA TNA Weekly PPV #62 2003Slash
39.1%
NWA TNA Weekly PPV #66 2003Slash
39.1%
TNA Turning Point 2007Rellik
38.3%
TNA Victory Road 2006Larry Zbyszko
37.4%
WCW WrestleWar 1992Marcus Bagwell
36.5%
NWA TNA Weekly PPV #39 2003Kid Kash
36.5%
ECW Anarchy Rulz 1999Jack Victory
33.9%
NWA TNA Weekly PPV #60 2003Simon Diamond
32.2%
TNA Sacrifice 2006A1
32.2%
JCW Legends & Icons 20112 Cold Scorpio
31.3%
NWA TNA Weekly PPV #60 2003Johnny Swinger
29.6%
NWA TNA Weekly PPV #98 2004Sonjay Dutt
28.7%
NWA TNA Weekly PPV #107 2004Sonjay Dutt
28.7%
NWA TNA Weekly PPV #70 2003Joe E Legend
26.1%
NWA TNA Weekly PPV #74 2003Joe E Legend
26.1%
NWA TNA Weekly PPV #68 2003James Mitchell
25.2%
NWA TNA Weekly PPV #62 2003Sinn
24.3%
NWA TNA Weekly PPV #64 2003Sinn
24.3%
NWA TNA Weekly PPV #69 2003Kevin Northcutt
24.3%
NWA TNA Weekly PPV #70 2003Kevin Northcutt
24.3%
NWA TNA Weekly PPV #71 2003Kevin Northcutt
24.3%
NWA TNA Weekly PPV #72 2003Kevin Northcutt
24.3%
NWA TNA Weekly PPV #74 2003Kevin Northcutt
24.3%
NWA TNA Weekly PPV #46 2003Glenn Gilberti
22.6%
NWA TNA Weekly PPV #50 2003Glenn Gilberti
22.6%
TNA Slammiversary 2009Taylor Wilde
19.1%
NWA TNA Weekly PPV #69 2003Ryan Wilson
4.3%
NWA TNA Weekly PPV #70 2003Ryan Wilson
4.3%

You're not logged in!

Compare scores with friends on all Sporcle quizzes.
Sign Up with Email
OR
Log In

You Might Also Like...

Show Comments

Extras

Top Quizzes Today


Score Distribution

Your Account Isn't Verified!

In order to create a playlist on Sporcle, you need to verify the email address you used during registration. Go to your Sporcle Settings to finish the process.